| 000 | 00385nam a22001577a 4500 | ||
|---|---|---|---|
| 005 | 20160616104956.0 | ||
| 008 | 160616b xxu||||| |||| 00| 0 eng d | ||
| 020 | _a978-0-275-99498-3 | ||
| 041 | _aeng | ||
| 082 | _b7917 | ||
| 245 | _aThe Enterprineurs guide fowinlty business plans and proporals | ||
| 260 | _bMc Millan | ||
| 300 | _a168 | ||
| 650 |
_aManagement _9241 |
||
| 942 | _cBK | ||
| 999 |
_c2887 _d2886 |
||